000 00410pab a2200145 454500
008 180718b2004 xxu||||| |||| 00| 0 eng d
100 _aCornforth, Chris
245 _aThe governance of cooperatives and mutual associations: a paradox perspective
260 _c2004
300 _ap.11-32.
362 _aMar
650 _aCooperatives
773 _aAnnals of Public and Cooperative Economics
909 _a61062
999 _c61062
_d61062